[Event "Fortaleza Alves Memorial 19th"]
[Site "Fortaleza"]
[Date "2014.05.18"]
[Round "5"]
[White "Cortez, Cleando"]
[Black "Macedo, Maximo Valerio"]
[Result "0-1"]
[WhiteElo "1995"]
[BlackElo "2102"]
[PlyCount "62"]
[EventDate "2014.05.16"]
[EventType "swiss"]
[EventRounds "6"]
[EventCountry "BRA"]
[SourceTitle "CBM 160 Extra"]
[Source "ChessBase"]
[SourceDate "2014.07.01"]
[SourceVersion "1"]
[SourceVersionDate "2014.07.01"]
[SourceQuality "1"]

1. d4 f5 2. e4 fxe4 3. Nc3 Nf6 4. Bg5 c6 5. f3 exf3 6. Nxf3 d6 7. Bc4 Bg4 8. 0-0 Qa5 9. Qd2 Nbd7 10. Rae1 0-0-0 11. a3 e5 12. d5 Qc5+ 13. Qe3 Qxc4 14. dxc6 bxc6 15. Qxa7 Qc5+ 16. Qxc5 Nxc5 17. b4 Ne6 18. Be3 Bxf3 19. Rxf3 e4 20. Rff1 d5 21. Bb6 Rd7 22. Na4 Kb7 23. Rb1 Bd6 24. c3 Ra8 25. Ba5 Bc7 26. h3 Re7 27. Nc5+ Nxc5 28. bxc5+ Kc8 29. Bb4 Bg3 30. Rb2 e3 31. Re2 Bf2+ 0-1

[Event "Fortaleza Alves Memorial 19th"]
[Site "Fortaleza"]
[Date "2014.05.17"]
[Round "4"]
[White "Bouwman, Marcelo Wanderley"]
[Black "Cortez, Cleando"]
[Result "1-0"]
[WhiteElo "2216"]
[BlackElo "1995"]
[PlyCount "69"]
[EventDate "2014.05.16"]
[EventType "swiss"]
[EventRounds "6"]
[EventCountry "BRA"]
[SourceTitle "CBM 160 Extra"]
[Source "ChessBase"]
[SourceDate "2014.07.01"]
[SourceVersion "1"]
[SourceVersionDate "2014.07.01"]
[SourceQuality "1"]

1. e4 c5 2. Nf3 d6 3. d4 cxd4 4. Nxd4 Nf6 5. Nc3 g6 6. Be2 Bg7 7. 0-0 Nc6 8. Nb3 0-0 9. Bg5 Be6 10. f4 Rc8 11. Qe1 d5 12. exd5 Nxd5 13. Nxd5 Bxd5 14. Kh1 Bxb3 15. axb3 Bxb2 16. Bg4 Bxa1 17. Bxc8 Qxc8 18. Qxa1 f6 19. Bh6 Rd8 20. f5 g5 21. h4 Nd4 22. hxg5 Nxf5 23. gxf6 Ng3+ 24. Kg1 Qc5+ 25. Rf2 exf6 26. Qxf6 Ne2+ 27. Kf1 Ng3+ 28. Kg1 Ne2+ 29. Kf1 Ng3+ 30. Ke1 Qb4+ 31. Bd2 Rxd2 32. Qg5+ Kh8 33. Qe5+ Kg8 34. Qxg3+ Kh8 35. Rxd2 1-0

[Event "TR Nordestao"]
[Site "Macaiba"]
[Date "2007.09.07"]
[Round "3.4"]
[White "Cortez, Cleando"]
[Black "Pinheiro, Iung Alicio"]
[Result "0-1"]
[WhiteElo "1985"]
[BlackElo "2247"]
[PlyCount "58"]
[EventDate "2007.09.06"]
[EventType "swiss"]
[EventRounds "7"]
[EventCountry "BRA"]
[SourceTitle "EXT 2022"]
[Source "ChessBase"]
[SourceDate "2021.10.06"]
[SourceVersion "1"]
[SourceVersionDate "2021.10.06"]
[SourceQuality "1"]

1. d4 Nf6 2. e3 g6 3. Bd3 Bg7 4. c3 d6 5. f4 0-0 6. Nf3 Nc6 7. 0-0 e5 8. Nbd2 Re8 9. Ng5 h6 10. Nge4 Ng4 11. Qf3 exd4 12. Re1 Qh4 13. Qg3 Qxg3 14. Nxg3 dxc3 15. bxc3 Rxe3 16. Rxe3 Nxe3 17. Nde4 Nd5 18. Ne2 Bf5 19. Bd2 Ndb4 20. Bb1 Re8 21. N4g3 Nc2 22. Nxf5 Nxa1 23. Nfg3 Na5 24. Kf2 Nc4 25. Bc1 d5 26. Bd3 Bf8 27. Ke1 Bc5 28. Nf1 a5 29. Kd1 Bf2 0-1